[Event "PNWCC Super G60"]
[Site "Chess.com INT"]
[Date "2020.10.18"]
[Round "6.13"]
[White "Chang, Eddie"]
[Black "Derraugh, Geordie"]
[Result "1-0"]
[WhiteElo "1667"]
[BlackElo "2169"]
[PlyCount "105"]
[EventDate "2020.10.17"]
[EventType "swiss"]
[EventRounds "6"]
[EventCountry "USA"]
[SourceTitle "CBM 198 Extra"]
[Source "ChessBase"]
[SourceDate "2020.11.30"]
[SourceVersion "1"]
[SourceVersionDate "2020.11.30"]
[SourceQuality "1"]

1. d4 Nf6 2. Nf3 e6 3. Bg5 Be7 4. Nbd2 d5 5. e3 0-0 6. Bd3 c5 7. c3 Nc6 8. 0-0 Qb6 9. Qb3 c4 10. Qxb6 axb6 11. Bc2 b5 12. a3 Nd7 13. Bxe7 Nxe7 14. e4 f5 15. exf5 Nxf5 16. Rfe1 Rf6 17. g4 Rg6 18. g5 h6 19. h4 hxg5 20. hxg5 Nf6 21. Kf1 Nh7 22. Bxf5 exf5 23. Re8+ Nf8 24. Ne5 Rga6 25. Re1 Be6 26. Re7 Rb6 27. Ndf3 f4 28. Nh4 Rd8 29. Kg2 Bc8 30. Kf3 Ne6 31. Nf7 Rd7 32. R7xe6 Rxe6 33. Rxe6 Kxf7 34. Re5 g6 35. Ng2 b6 36. Nxf4 Rd6 37. Ke3 Bb7 38. Ng2 Rd8 39. Nf4 Rd6 40. Kf3 Bc6 41. Kg3 Bb7 42. Ng2 Bc8 43. Ne3 Be6 44. f4 Rd8 45. f5 gxf5 46. Nxf5 Rh8 47. Nh6+ Ke7 48. Kh4 Rf8 49. g6 Rf1 50. g7 Rh1+ 51. Kg3 Rg1+ 52. Kf2 Rxg7 53. Nf5+ 1-0

[Event "PNWCC Super G60"]
[Site "Chess.com INT"]
[Date "2020.10.17"]
[Round "2.6"]
[White "Chang, Eddie"]
[Black "Fridman, Daniel"]
[Result "0-1"]
[WhiteElo "1667"]
[BlackElo "2601"]
[PlyCount "90"]
[EventDate "2020.10.17"]
[EventType "swiss"]
[EventRounds "6"]
[EventCountry "USA"]
[SourceTitle "CBM 198 Extra"]
[Source "ChessBase"]
[SourceDate "2020.11.30"]
[SourceVersion "1"]
[SourceVersionDate "2020.11.30"]
[SourceQuality "1"]

1. d4 d5 2. c4 e6 3. Nc3 Nf6 4. cxd5 exd5 5. Bg5 c6 6. Qc2 h6 7. Bh4 g6 8. e3 Bf5 9. Qb3 g5 10. Bg3 Qb6 11. Nf3 Nbd7 12. h4 g4 13. Ne5 Qxb3 14. axb3 Bc2 15. Be2 Rg8 16. Bd1 Bxd1 17. Kxd1 Nh5 18. Nxd7 Kxd7 19. Ne2 Nf6 20. Nc3 Nh5 21. Ne2 Bb4 22. Bf4 Rg6 23. Bh2 Bd6 24. Bxd6 Rxd6 25. g3 Rf6 26. Ke1 a6 27. Nc1 Re6 28. Nd3 Kc7 29. Ne5 f5 30. Ke2 Rae8 31. Rhc1 R8e7 32. Ra5 Kb6 33. Ra4 Nf6 34. Nd3 Re8 35. Nf4 Re4 36. Nd3 Nd7 37. Nc5 Nxc5 38. Rxc5 f4 39. gxf4 Rxf4 40. Rc1 Rf3 41. Rh1 Ref8 42. Rh2 g3 43. fxg3 Rxg3 44. Ra3 Rff3 45. b4 Kb5 0-1

[Event "Emerald City op"]
[Site "Chess.com INT"]
[Date "2020.06.20"]
[Round "?"]
[White "Chang, Eddie"]
[Black "Bailey, Daniel F"]
[Result "1-0"]
[WhiteElo "1887"]
[BlackElo "1729"]
[PlyCount "51"]
[EventDate "2020.06.20"]
[EventType "swiss"]
[EventRounds "5"]
[EventCountry "USA"]
[SourceTitle "EXT 2023"]
[Source "ChessBase"]
[SourceDate "2022.10.05"]
[SourceVersion "1"]
[SourceVersionDate "2022.10.05"]
[SourceQuality "1"]

1. d4 d5 2. c4 e6 3. Nc3 Nf6 4. cxd5 exd5 5. Bg5 Be7 6. e3 Nbd7 7. Bd3 c6 8. Qc2 0-0 9. Nf3 Re8 10. 0-0 h6 11. Bh4 Nf8 12. Rae1 Bg4 13. Ne5 Bh5 14. f4 N6d7 15. Bxe7 Rxe7 16. Qf2 f6 17. Nf3 Qc7 18. Qh4 Bf7 19. g4 Rae8 20. Kf2 Bg6 21. Bxg6 Nxg6 22. Qh5 Nh8 23. Nh4 Nf8 24. Nf5 Rf7 25. Kg1 Rd7 26. Qxe8 1-0

[Event "PNWCC Online Masters"]
[Site "Chess.com INT"]
[Date "2020.05.24"]
[Round "4.34"]
[White "Chang, Eddie"]
[Black "Lu, Jason"]
[Result "1-0"]
[WhiteElo "1667"]
[BlackElo "2024"]
[PlyCount "111"]
[EventDate "2020.05.23"]
[EventType "swiss (rapid)"]
[EventRounds "9"]
[EventCountry "USA"]
[SourceTitle "CBM 196 Extra"]
[Source "ChessBase"]
[SourceDate "2020.07.31"]
[SourceVersion "1"]
[SourceVersionDate "2020.07.31"]
[SourceQuality "1"]

1. d4 Nf6 2. c4 g6 3. Nc3 Bg7 4. e4 d6 5. Nge2 0-0 6. Ng3 e5 7. d5 a5 8. Be2 Na6 9. h4 h5 10. Bg5 Qe8 11. Qd2 Bd7 12. Nf1 Nh7 13. Bh6 Nc5 14. Ng3 Qe7 15. 0-0-0 Bxh6 16. Qxh6 Qf6 17. Qe3 Qf4 18. Nf1 f5 19. exf5 Rxf5 20. f3 Re8 21. g3 Qxe3+ 22. Nxe3 Rf7 23. b3 Kg7 24. Kb2 g5 25. hxg5 Nxg5 26. Rxh5 Nxf3 27. Rdh1 e4 28. Rh7+ Kf8 29. Rxf7+ Kxf7 30. Rf1 Bh3 31. Bxf3 exf3 32. Rxf3+ Kg6 33. g4 Rh8 34. Ncd1 Nd3+ 35. Kc3 Ne5 36. Rg3 Kg5 37. Nf2 Kf4 38. Rxh3 Rxh3 39. Nxh3+ Kxe3 40. Ng5 Nxg4 41. Ne6 Nf6 42. Nxc7 Ne4+ 43. Kb2 Kd4 44. Ne6+ Ke5 45. Ka3 b6 46. Nf8 Kd4 47. Nd7 b5 48. cxb5 Kxd5 49. Ka4 Ke6 50. Nb6 Nc3+ 51. Kxa5 Nxa2 52. Nc4 Kd7 53. b6 d5 54. Ne5+ Kc8 55. Ka6 Nb4+ 56. Ka7 1-0

[Event "Clark Harmon Memorial"]
[Site "Chess.com INT"]
[Date "2020.04.04"]
[Round "?"]
[White "Jiang, Brandon"]
[Black "Chang, Eddie"]
[Result "1-0"]
[WhiteElo "2110"]
[BlackElo "1887"]
[PlyCount "67"]
[EventDate "2020.04.04"]
[EventType "swiss"]
[EventRounds "6"]
[EventCountry "USA"]
[SourceTitle "EXT 2024"]
[Source "ChessBase"]
[SourceDate "2023.10.10"]
[SourceVersion "1"]
[SourceVersionDate "2023.10.10"]
[SourceQuality "1"]

1. e4 c5 2. Nf3 Nc6 3. Bb5 g6 4. 0-0 Bg7 5. c3 Nf6 6. Re1 0-0 7. d4 cxd4 8. cxd4 d5 9. e5 Ne4 10. Nc3 Nxc3 11. bxc3 Na5 12. Bg5 Bd7 13. Bd3 Rc8 14. Rc1 Nc4 15. Qb3 b5 16. Bxc4 dxc4 17. Qa3 f6 18. exf6 exf6 19. Bf4 Bc6 20. Qxa7 Rf7 21. Qa6 Rb7 22. Re6 Bxf3 23. gxf3 Qd5 24. Rce1 Qxf3 25. Re8+ Rxe8 26. Rxe8+ Bf8 27. Qa8 Qg4+ 28. Kf1 Qh3+ 29. Ke1 Qxc3+ 30. Bd2 Qa1+ 31. Ke2 Rf7 32. Bh6 Qb2+ 33. Kf1 Qb4 34. Qd5 1-0

[Event "PNWCC Online blitz JP 2nd"]
[Site "Chess.com INT"]
[Date "2020.03.21"]
[Round "2"]
[White "Belous, Vladimir"]
[Black "Chang, Eddie"]
[Result "1-0"]
[WhiteElo "2532"]
[BlackElo "1667"]
[PlyCount "65"]
[EventDate "2020.03.21"]
[EventType "swiss (blitz)"]
[EventRounds "11"]
[EventCountry "USA"]
[SourceTitle "CBM 195 Extra"]
[Source "ChessBase"]
[SourceDate "2020.05.31"]
[SourceVersion "1"]
[SourceVersionDate "2020.05.31"]
[SourceQuality "1"]

1. c4 e6 2. Nf3 d5 3. b3 Nf6 4. Bb2 Be7 5. e3 0-0 6. Be2 b6 7. 0-0 Bb7 8. d4 Nbd7 9. Nc3 a6 10. Rc1 Re8 11. Ne5 Nxe5 12. dxe5 Nd7 13. cxd5 Nxe5 14. dxe6 fxe6 15. f4 Nf7 16. Bd3 Bc5 17. Qe2 e5 18. Na4 exf4 19. Nxc5 bxc5 20. Rxf4 Ne5 21. Bb1 Qg5 22. Rf5 Nf3+ 23. Qxf3 Qxe3+ 24. Qxe3 Rxe3 25. Rf2 Rae8 26. Bc3 Re2 27. Bd3 Rxf2 28. Kxf2 Rd8 29. Bc4+ Kf8 30. Re1 Bd5 31. Bxd5 Rxd5 32. Re5 Rxe5 33. Bxe5 1-0

[Event "PNWCC Online blitz JP 2nd"]
[Site "Chess.com INT"]
[Date "2020.03.21"]
[Round "3"]
[White "Chang, Eddie"]
[Black "Wang, Justin"]
[Result "0-1"]
[WhiteElo "1667"]
[BlackElo "2447"]
[PlyCount "50"]
[EventDate "2020.03.21"]
[EventType "swiss (blitz)"]
[EventRounds "11"]
[EventCountry "USA"]
[SourceTitle "CBM 195 Extra"]
[Source "ChessBase"]
[SourceDate "2020.05.31"]
[SourceVersion "1"]
[SourceVersionDate "2020.05.31"]
[SourceQuality "1"]

1. d4 Nf6 2. c4 e6 3. Nc3 d5 4. cxd5 exd5 5. Bg5 c6 6. Qc2 g6 7. Bxf6 Qxf6 8. Nxd5 Qxd4 9. Qe4+ Qxe4 10. Nf6+ Ke7 11. Nxe4 Bg7 12. Nc3 Na6 13. e3 Nb4 14. 0-0-0 Bg4 15. f3 Be6 16. a3 Bxc3 17. bxc3 Nd5 18. Rd3 Rad8 19. e4 Nb6 20. Nh3 Na4 21. Kc2 Nc5 22. Rxd8 Rxd8 23. Be2 Bb3+ 24. Kb1 Rd2 25. Re1 Ba2+ 0-1

[Event "PNWCC Online blitz JP 2nd"]
[Site "Chess.com INT"]
[Date "2020.03.21"]
[Round "1"]
[White "Wang, Ryan"]
[Black "Chang, Eddie"]
[Result "0-1"]
[WhiteElo "1411"]
[BlackElo "1667"]
[PlyCount "130"]
[EventDate "2020.03.21"]
[EventType "swiss (blitz)"]
[EventRounds "11"]
[EventCountry "USA"]
[SourceTitle "CBM 195 Extra"]
[Source "ChessBase"]
[SourceDate "2020.05.31"]
[SourceVersion "1"]
[SourceVersionDate "2020.05.31"]
[SourceQuality "1"]

1. e4 c5 2. Nf3 Nc6 3. Bb5 g6 4. Bxc6 dxc6 5. d3 Bg7 6. 0-0 Nf6 7. Qe2 0-0 8. c3 Bg4 9. h3 Bxf3 10. Qxf3 Nd7 11. Rd1 e5 12. Be3 b6 13. d4 cxd4 14. cxd4 exd4 15. Bxd4 Bxd4 16. Rxd4 Ne5 17. Qe3 Qe7 18. Nc3 Rad8 19. Rad1 Kg7 20. f4 Nd7 21. Qd2 Qh4 22. Rxd7 Rxd7 23. Qxd7 Qxf4 24. Qd4+ Kg8 25. Rf1 Qg3 26. Qf2 Qe5 27. Qf6 Qg3 28. Qxc6 Rd8 29. Qf6 Rd7 30. Nd5 Qd3 31. Qf3 Qd4+ 32. Kh1 Kg7 33. Nf6 Re7 34. Nd5 Re6 35. Qxf7+ Kh6 36. Nf4 Rxe4 37. Qf8+ Qg7 38. Qxg7+ Kxg7 39. Rd1 Rxf4 40. Rd7+ Rf7 41. Rxf7+ Kxf7 42. Kg1 Ke6 43. Kf1 Ke5 44. Ke2 Ke4 45. Kf2 g5 46. Ke2 h5 47. Kf2 g4 48. Kg1 g3 49. Kf1 Ke3 50. Kg1 Kd2 51. h4 Kc2 52. Kf1 Kxb2 53. Ke2 Kxa2 54. Kf3 Kb2 55. Kxg3 a5 56. Kf4 a4 57. Kg5 a3 58. Kxh5 a2 59. g3 a1Q 60. g4 Qg1 61. g5 Kc3 62. g6 Kd4 63. Kh6 Ke5 64. g7 Kf6 65. Kh5 Qg6# 0-1

[Event "Kirkland PNWCC op"]
[Site "Kirkland"]
[Date "2020.01.20"]
[Round "7"]
[White "Bragg, David R"]
[Black "Chang, Eddie"]
[Result "1-0"]
[WhiteElo "1992"]
[BlackElo "1629"]
[PlyCount "75"]
[EventDate "2020.01.17"]
[EventType "swiss"]
[EventRounds "7"]
[EventCountry "USA"]
[SourceTitle "CBM 194 Extra"]
[Source "ChessBase"]
[SourceDate "2020.03.31"]
[SourceVersion "1"]
[SourceVersionDate "2020.03.31"]
[SourceQuality "1"]

1. c4 c5 2. g3 Nf6 3. Bg2 e6 4. Nf3 d5 5. cxd5 exd5 6. 0-0 Nc6 7. d4 Be7 8. Nc3 0-0 9. a3 a6 10. dxc5 Bxc5 11. b4 Be7 12. Be3 Re8 13. Na4 b5 14. Nb6 Rb8 15. Nxc8 Rxc8 16. Bh3 Bd6 17. Rc1 Rxe3 18. Bxc8 Qxc8 19. fxe3 Qe8 20. e4 Ne5 21. exd5 Nc4 22. Qd3 Ng4 23. e4 Qb8 24. e5 Bxe5 25. Nxe5 Ngxe5 26. Qd4 Qd6 27. Qc5 Qd7 28. d6 h5 29. Rcd1 h4 30. Qc7 Qh3 31. Qd8+ Kh7 32. Qxh4+ Qxh4 33. gxh4 Nd7 34. Rxf7 Nce5 35. Re7 Kg6 36. Rxe5 Nxe5 37. d7 Nxd7 38. Rxd7 1-0

[Event "Kirkland PNWCC op"]
[Site "Kirkland"]
[Date "2020.01.18"]
[Round "3"]
[White "Chang, Eddie"]
[Black "Lee, Megan Shuen Hui"]
[Result "0-1"]
[WhiteElo "1629"]
[BlackElo "2151"]
[PlyCount "108"]
[EventDate "2020.01.17"]
[EventType "swiss"]
[EventRounds "7"]
[EventCountry "USA"]
[SourceTitle "CBM 194 Extra"]
[Source "ChessBase"]
[SourceDate "2020.03.31"]
[SourceVersion "1"]
[SourceVersionDate "2020.03.31"]
[SourceQuality "1"]

1. d4 Nf6 2. c4 e6 3. Nc3 d5 4. cxd5 exd5 5. Bg5 c6 6. Qc2 h6 7. Bxf6 Qxf6 8. Nxd5 Qxd4 9. Rd1 Bb4+ 10. Nxb4 Qxb4+ 11. Qd2 Qe7 12. e3 Be6 13. Qc3 0-0 14. Bc4 Bxc4 15. Qxc4 Nd7 16. Nf3 Nb6 17. Qb3 Nd5 18. 0-0 Rfd8 19. Rd4 Rd7 20. Rfd1 Rad8 21. h3 Nf6 22. Rxd7 Rxd7 23. Rxd7 Qxd7 24. a4 Ne4 25. Qc2 Qd5 26. b4 c5 27. bxc5 Nxc5 28. Nd4 b6 29. Nb5 a6 30. Nd4 g6 31. Qc3 Qa2 32. a5 Qxa5 33. Qxa5 bxa5 34. Nc2 f6 35. Kf1 Kf7 36. Ke2 Ke6 37. f3 Kd5 38. Na3 Nb7 39. Kd3 Nd6 40. e4+ Kc5 41. f4 Nb5 42. Nc2 a4 43. g4 g5 44. e5 fxe5 45. fxg5 hxg5 46. Ke4 Nd4 47. Na3 Kb4 48. Nb1 a3 49. Nxa3 Kxa3 50. h4 gxh4 51. g5 h3 52. Kxe5 Nf3+ 53. Kf6 Nxg5 54. Kxg5 h2 0-1

[Event "Kirkland PNWCC op"]
[Site "Kirkland"]
[Date "2020.01.17"]
[Round "1"]
[White "Yanayt, Eugene"]
[Black "Chang, Eddie"]
[Result "1-0"]
[WhiteElo "2234"]
[BlackElo "1629"]
[PlyCount "127"]
[EventDate "2020.01.17"]
[EventType "swiss"]
[EventRounds "7"]
[EventCountry "USA"]
[SourceTitle "CBM 194 Extra"]
[Source "ChessBase"]
[SourceDate "2020.03.31"]
[SourceVersion "1"]
[SourceVersionDate "2020.03.31"]
[SourceQuality "1"]

1. d4 d5 2. c4 e6 3. Nf3 c5 4. cxd5 exd5 5. Nc3 Nc6 6. g3 Nf6 7. Bg2 Be7 8. 0-0 0-0 9. Bf4 cxd4 10. Nxd4 Bg4 11. h3 Be6 12. Rc1 Qd7 13. Kh2 Rfe8 14. Qa4 Rac8 15. Nxe6 fxe6 16. Rfd1 a6 17. e4 d4 18. e5 Nh5 19. Bxc6 Qxc6 20. Qxc6 Rxc6 21. Rxd4 Bc5 22. Rd2 Rf8 23. Ne4 Be3 24. Rxc6 Bxd2 25. Rxe6 Nxf4 26. gxf4 Bxf4+ 27. Kg2 Kf7 28. Rb6 Bxe5 29. Rxb7+ Kg6 30. b3 Rc8 31. Rb6+ Kf5 32. Kf3 Ra8 33. Nc5 a5 34. Rb5 Kg6 35. Ke4 Bf6 36. Kd5 Rd8+ 37. Kc6 a4 38. bxa4 Rd2 39. f3 Rxa2 40. a5 Bd4 41. Kb7 Rc2 42. Na4 Rf2 43. Rb3 Ra2 44. Rb4 Bc5 45. Rg4+ Kf6 46. Nxc5 Rxa5 47. Ne4+ Kf7 48. Kc6 h5 49. Rg5 Rxg5 50. Nxg5+ Kf6 51. h4 Ke5 52. Kd7 Kf4 53. Ke6 Kg3 54. Kf5 Kxh4 55. Kg6 Kg3 56. Kxh5 Kf4 57. Kg6 Ke5 58. Kxg7 Kf5 59. Kh6 Kf6 60. Kh5 Kf5 61. Nh3 Kf6 62. Kg4 Kg6 63. f4 Kf6 64. f5 1-0